| 000 | 01152nam a22002057a 4500 | ||
|---|---|---|---|
| 999 |
_c4630 _d4630 |
||
| 020 | _a9780314172563 | ||
| 050 |
_aKF4945.A7 _bEs4 |
||
| 100 | _aEskridge,William N | ||
| 245 |
_aCases and materials on legislation : statutes and the creation of public policy _cEskridge,William N Jr.; Philip P Frickey; Elizabeth Garrett |
||
| 250 | _a 4th ed | ||
| 260 |
_aSt. Paul, MN : _bThomson/West, _c©2007. |
||
| 300 |
_axxxii, 1283, 47 pages ; _c26 cm. |
||
| 440 | _aAmerican casebook series. | ||
| 500 | _aAccompanied by: Teacher's manual. Includes index. | ||
| 505 | _aAn introduction to legislation -- Representational structures -- Structures of legislative deliberation -- Due process of lawmaking -- Direct democracy as an alternative to republican government -- Statutes as a source of public policy in the United States (Theories of legisprudence) -- Theories of statutory interpretation -- Doctrines of statutory interpretation -- Implementation of statutes. | ||
| 650 | _a Legislation -- United States -- Cases. | ||
| 650 | _aPublic law -- United States -- Cases. | ||
| 650 | _a Cases. Legislation. | ||
| 942 | _cBK | ||